Countries Containing "And" - Statistics

General Stats
  • This quiz has been taken 422 times
  • The average score is 5 of 6
Answer Stats
Answer % Correct
Trinidad and Tobago
91%
Saint Kitts and Nevis
89%
Saint Vincent and the Grenadines
89%
Antigua and Barbuda
88%
Bosnia and Herzegovina
78%
Sao Tome and Principe
76%
No matching quizzes found
Score Distribution
Percent of People with Each Score
Percentile by Number Answered
Your Score History
You have not taken this quiz